000 01497naa a22002177a 4500
003 KOSZ 005
005 20180403105431.0
008 170322b2007 pl ||||| |||| 00| 0 pol
040 _cBPK
100 _aKACALAK, Wojciech.
_d1996 - .
_bPolitechnika Koszalińska - Wydział Mechaniczny,
_cKatedra Mechaniki Precyzyjnej
245 _aAnaliza statystyczna wybranych cech geometrycznych modeli powierzchni ziaren ściernych /
_cWojciech Kacalak, Robert Tomkowski, Anna Tomkowska.
260 _c2007.
500 _aDane z autopsji.
520 _aW pracy przedstawiono nowe podejście do modelowania powierzchni ziaren ściernych oraz dokonano analizy wpływu parametrów wejściowych modelowania na kształt oraz inne cechy geometryczne ziarna, takie jak kąty wierzchołkowe i promienie zaokrągleń wierzchołków. Uzyskane wyniki pozwalają na dobór parametrów generowania populacji ziaren ściernych o oczekiwanych wartościach cech geometrycznych i określonej izometrii ziarna.
650 0 _aSymulacja.
650 0 _aParametry geometryczne.
700 _aTOMKOWSKI, Robert.
_d2008 - .
_bPolitechnika Koszalińska - Wydział Mechaniczny,
_cKatedra Mechaniki Precyzyjnej
773 _iW :
_tPodstawy i technika obróbki ściernej. -
_dRzeszów : Oficyna Wydawnicza Politechniki Rzeszowskiej, 2007. -
_gs. 219-226
_z978-83-7199-448-7
700 _aTOMKOWSKA, Anna.
_bPolitechnika Koszalińska - Wydział Mechaniczny,
_cKatedra Mechaniki Precyzyjnej
942 _cROZ
_2UKD
999 _c8095
_d8095